000 00835cam a2200253 a 4500
008
020 _a9788847027688 (hbk.)
049 _aMAIN
090 _aRC669
_bHEA
245 0 0 _aHealth-related quality of life in cardiovascular patients /
_cKalina Kawecka-Jaszcz ... [et al.], editors.
260 _aMilan :
_bSpringer,
_cc2013.
300 _aix, 133 p. :
_bill. ;
_c25 cm.
500 _aIncludes index.
504 _aIncludes bibliographical references.
650 0 _aCardiovascular system
_xDiseases
_xPsychological aspects.
650 1 2 _aCardiovascular Diseases
_xpsychology.
650 2 2 _aQuality of Life.
700 1 _aKawecka-Jaszcz, Kalina.
907 _a.b10379113
_b24-02-17
_c22-02-17
003
005 20230120204216.0
040 _cNUST
942 _cBOOKS
_kRC669
_mHEA
999 _c119076
_d119076